00411nam a2200169Ia 4500003000400000005001700004008004100021020001400062040000700076041000800083082002200091100002400113245003400137260004100171300001600212365001300228OSt20230321112903.0210423s2002 xx 000 0 und d a521698812 cAL aeng a871.01 223bHARP aHARDIE (Philip),Ed. aCambridge companion to Ovid . aUKbCambridge University Pressc2002 axvi,408bPB b895cINR